000 00325nam a2200145Ia 4500
100 _aHattwick/ M.S.
650 _aGeneral
942 _cBK
654 _aadvertising
245 _aPsychology for better advertising
260 _bInternational corresp.
_aUSA
_c1967
082 _a659.1
300 _a177
546 _aENGLISH
999 _c25099
_d25099